[Event "IND-ch U20 Girls 50th"]
[Site "Gurugram"]
[Date "2022.03.11"]
[Round "6"]
[White "Abhirami, Madabushi"]
[Black "Rindhiya, V."]
[Result "0-1"]
[WhiteElo "1777"]
[BlackElo "1949"]
[PlyCount "62"]
[EventDate "2022.03.09"]
[EventType "swiss"]
[EventRounds "9"]
[EventCountry "IND"]
[SourceTitle "EXT 2023"]
[Source "ChessBase"]
[SourceDate "2022.10.05"]
[SourceVersion "1"]
[SourceVersionDate "2022.10.05"]
[SourceQuality "1"]

1. e4 e5 2. Nf3 Nc6 3. Bc4 Bc5 4. c3 Nf6 5. d3 d6 6. Bb3 a6 7. Nbd2 0-0 8. Qe2 Be6 9. Nc4 b5 10. Ne3 Bxe3 11. Bxe3 h6 12. Bxe6 fxe6 13. h3 d5 14. 0-0 Qd6 15. b4 dxe4 16. dxe4 Nxe4 17. Qc2 Qd5 18. Rad1 Qc4 19. Bxh6 Rf6 20. Rfe1 Nxc3 21. Rd7 Rxh6 22. Qd2 Rg6 23. Rxc7 Nd5 24. Rc1 Qe4 25. Kh1 Nxc7 26. Qd7 Rf8 27. Rxc6 Rxf3 28. Rxc7 Qe1+ 29. Kh2 Rxg2+ 30. Kxg2 Qxf2+ 31. Kh1 Rxh3# 0-1

[Event "IND-ch (Women) 45th"]
[Site "Jaipur"]
[Date "2018.11.18"]
[Round "1"]
[White "Abhirami, Madabushi"]
[Black "Nandhidhaa, PV."]
[Result "0-1"]
[WhiteElo "1564"]
[BlackElo "2240"]
[PlyCount "80"]
[EventDate "2018.11.18"]
[EventType "swiss"]
[EventRounds "11"]
[EventCountry "IND"]
[SourceTitle "CBM 187 Extra"]
[Source "ChessBase"]
[SourceDate "2018.11.04"]
[SourceVersion "1"]
[SourceVersionDate "2018.11.04"]
[SourceQuality "1"]

1. c4 c5 2. Nf3 Nc6 3. g3 Nf6 4. Bg2 d5 5. d4 dxc4 6. Qa4 Bd7 7. Qxc4 cxd4 8. Nxd4 Rc8 9. 0-0 e5 10. Nxc6 Bxc6 11. Bxc6+ Rxc6 12. Qa4 Bc5 13. Nc3 0-0 14. Bg5 Qc8 15. Qh4 Qf5 16. Bxf6 Rxf6 17. Qe4 Qh5 18. Qxb7 Rh6 19. Qg2 f5 20. h4 e4 21. Rad1 Qf7 22. Nd5 Rd6 23. Nc3 Rfd8 24. Rxd6 Rxd6 25. Nxe4 fxe4 26. Qxe4 Rd8 27. b4 Re8 28. Qg4 h5 29. Qg5 Bxb4 30. Qb5 Be7 31. a4 Rf8 32. a5 Bd6 33. e4 Qe6 34. Qxh5 Qxe4 35. Qd1 Bc5 36. Qb3+ Kh8 37. Qb5 Qc2 38. Kh1 Qf5 39. Qb3 Bxf2 40. Qd1 Qh3# 0-1

[Event "IND-ch U13 Girls 31st"]
[Site "Jalandhar"]
[Date "2017.06.28"]
[Round "10"]
[White "Abhirami, Madabushi"]
[Black "Chopdekar, Gunjal"]
[Result "0-1"]
[WhiteElo "1536"]
[BlackElo "1522"]
[PlyCount "88"]
[EventDate "2017.06.21"]
[EventType "swiss"]
[EventRounds "11"]
[EventCountry "IND"]
[SourceTitle "CBM 179 Extra"]
[Source "ChessBase"]
[SourceDate "2017.08.23"]
[SourceVersion "1"]
[SourceVersionDate "2017.08.23"]
[SourceQuality "1"]

1. Nf3 Nf6 2. c4 g6 3. b4 Bg7 4. Bb2 0-0 5. g3 d6 6. Bg2 e5 7. d3 Qe7 8. 0-0 c6 9. Qc2 Nfd7 10. Nc3 f5 11. Rab1 Nf6 12. b5 c5 13. Nd2 Nbd7 14. Nb3 Qd8 15. a4 Rb8 16. Nd5 Nxd5 17. Bxd5+ Kh8 18. Bc3 Nf6 19. Bg2 b6 20. a5 Re8 21. axb6 axb6 22. e4 Be6 23. Nd2 Qd7 24. Ra1 Nh5 25. Ra6 f4 26. Rfa1 Bh3 27. Ra7 Qe6 28. Nf3 Bf6 29. Qe2 Bxg2 30. Kxg2 fxg3 31. fxg3 Qg4 32. Bd2 Rf8 33. Rxh7+ Kg8 34. Bh6 Bg7 35. Rxg7+ Nxg7 36. Bxg7 Kxg7 37. Ra7+ Kg8 38. h3 Qh5 39. g4 Qh6 40. Rd7 g5 41. Qd2 Rf4 42. d4 Rbf8 43. dxe5 Rxf3 44. Rxd6 Qxh3+ 0-1

[Event "IND-ch U13 Girls 31st"]
[Site "Jalandhar"]
[Date "2017.06.27"]
[Round "9"]
[White "Jyothsna, L."]
[Black "Abhirami, Madabushi"]
[Result "1-0"]
[WhiteElo "1957"]
[BlackElo "1536"]
[PlyCount "59"]
[EventDate "2017.06.21"]
[EventType "swiss"]
[EventRounds "11"]
[EventCountry "IND"]
[SourceTitle "CBM 179 Extra"]
[Source "ChessBase"]
[SourceDate "2017.08.23"]
[SourceVersion "1"]
[SourceVersionDate "2017.08.23"]
[SourceQuality "1"]

1. d4 Nf6 2. Nf3 g6 3. Bf4 Bg7 4. e3 0-0 5. Be2 d6 6. h3 Nfd7 7. Bh2 e5 8. c3 Nc6 9. 0-0 Qe7 10. a4 a5 11. Na3 Nb6 12. Re1 e4 13. Nd2 Nd8 14. Nb5 f5 15. Nxd6 cxd6 16. Qb3+ Nf7 17. Qxb6 d5 18. c4 Be6 19. Rec1 Ra6 20. Qc7 Qb4 21. cxd5 Rc8 22. Qxc8+ Bxc8 23. Rxc8+ Bf8 24. Bxa6 Qxd2 25. Bb5 Qxb2 26. Rf1 Kg7 27. Rc7 Qb3 28. d6 Bxd6 29. Bxd6 Qd5 30. Bg3 1-0

[Event "IND-ch U13 Girls 31st"]
[Site "Jalandhar"]
[Date "2017.06.26"]
[Round "8"]
[White "Abhirami, Madabushi"]
[Black "Bhagyashree, Patil"]
[Result "1-0"]
[WhiteElo "1536"]
[BlackElo "1742"]
[PlyCount "97"]
[EventDate "2017.06.21"]
[EventType "swiss"]
[EventRounds "11"]
[EventCountry "IND"]
[SourceTitle "CBM 179 Extra"]
[Source "ChessBase"]
[SourceDate "2017.08.23"]
[SourceVersion "1"]
[SourceVersionDate "2017.08.23"]
[SourceQuality "1"]

1. Nf3 Nf6 2. c4 e6 3. g3 d5 4. b3 Be7 5. Bg2 c5 6. 0-0 Nc6 7. e3 0-0 8. Bb2 b6 9. Qe2 Bb7 10. Rd1 Qc7 11. Nc3 Rad8 12. Rac1 Qb8 13. d4 Na5 14. dxc5 Bxc5 15. Nb5 Nd7 16. cxd5 Bxd5 17. e4 Bb7 18. Bc3 Nc6 19. Qb2 f6 20. b4 a6 21. bxc5 axb5 22. cxb6 Ba6 23. Qb3 Nc5 24. Qc2 Rxd1+ 25. Rxd1 Qxb6 26. Nd4 Ne5 27. Nb3 Nxb3 28. Qxb3 Nc4 29. Bd4 Qc7 30. a4 Na5 31. Qxe6+ Kh8 32. Qxa6 bxa4 33. Bb6 Qc2 34. Ra1 Nb3 35. Rxa4 Nd2 36. Ra1 Rc8 37. Be3 Nb3 38. Rf1 h6 39. Bh3 Rd8 40. Be6 Nd2 41. Bxd2 Qxd2 42. Bd5 Rb8 43. Qa2 Qd4 44. Rb1 Rc8 45. Qb2 Qd3 46. Rc1 Rd8 47. Qc3 Qe2 48. Qc7 Re8 49. Qd7 1-0

[Event "IND-ch U13 Girls"]
[Site "Gujarath"]
[Date "2016.07.27"]
[Round "8"]
[White "Abhirami, Madabushi"]
[Black "Shanya, Mishra"]
[Result "1-0"]
[WhiteElo "1604"]
[BlackElo "1804"]
[PlyCount "78"]
[EventDate "2016.07.22"]
[EventType "swiss"]
[EventRounds "11"]
[EventCountry "IND"]
[SourceTitle "EXT 2017"]
[Source "ChessBase"]
[SourceDate "2016.10.25"]
[SourceVersion "1"]
[SourceVersionDate "2016.10.25"]
[SourceQuality "1"]

1. e4 c5 2. Nf3 e6 3. d4 cxd4 4. Nxd4 Nc6 5. Nc3 Qc7 6. Be3 a6 7. Qd2 b5 8. Nxc6 Qxc6 9. Bd3 Bb7 10. 0-0 Nf6 11. f3 Qc7 12. a4 b4 13. Ne2 d5 14. exd5 Nxd5 15. Bf2 Bd6 16. Bg3 Rd8 17. Qg5 0-0 18. Bxd6 Qxd6 19. Ng3 Nf4 20. Rad1 Qc7 21. Nh5 Ng6 22. Ng3 Rd5 23. Qe3 Rfd8 24. Ne2 b3 25. Nc3 bxc2 26. Bxc2 Rxd1 27. Rxd1 Rxd1+ 28. Bxd1 Ne5 29. Bc2 g6 30. Qd2 f5 31. Qd4 Nc6 32. Qf6 Qf7 33. Qxf7+ Kxf7 34. Kf2 Kf6 35. f4 e5 36. Nd5+ Kg7 37. Nc7 h5 38. Ne6+ Kf6 39. Nc5 Bc8 1-0